02119nmm a2200385 i 4500001000700000003000700007005001700014007001000031008004100041035002100082035001300103040003900116245010600155250002300261260005600284300005000340336005600390337002300446338002400469500004500493518004700538520051100585586020901096597002901305600004301334650003301377650003701410655002501447655003401472700003501506852003801541942001601579999001901595952011901614195437SpMaBN20250823051222.0vd*cvaizz240612s2010 sp 030 g v spa  a(OCoLC)989141728 aa5968824 aSpMaBNbspacSpMaBNerdcdES-MaACL00aBeneyto desdoblándoseh[Recurso Electrónico] /cdirección Adriana Hoyos ; guión Adriana Hoyos aEdición no venal a[Majadahonda (Madrid) :bLa huella del gato,c2010. a1 DVD-vídeo (30 min) :bson., col. ;c12 cm aImagen (en movimiento ; bidimensional)2isbdcontent avídeo2isbdmedia 2rdacarrieravolumen aDistribuido junto a la revista Barcarola aCortometraje realizado en España en 2010 aBeneyto pintor, escritor y editor es uno de los últimos exponentes del postismo. Esta obra difumina los límites entre realidad y ficción para adentrarnos en el universo surrealista beneytiano. Algunos de sus amigos como Pere Gimferrer, José Corredor Matheos, Jaime D. Parra o Glòria Bosch nos revelan algo de su enigmática personalidad. Mantuvo una afectuosa correspondencia con Alejandra Pizarnik, que recorre la película a través de sus fotos, de sus cartas, siendo una presencia ausente. aPresentado y seleccionado en los festivales de: Ankara International Film Festival. 2012, FICA Festival Internacional de Creación Audiovisual 2011, 13ª Muestra Internacional Documental de Bogotá 2011 aFormato de pantalla 16:404aBeneyto, Antonio,d1934-2embne927556 7aArte español2embne910189 7aSurrealismo (Arte)2embne917267 0aDocumentales9236959 7aCortometrajes2tgfbne92369601 aHoyos, Adriana,d1966-9236961 aES-MaACLcROTjROT 6/3/129203460 2udccDVDn0 c195437d195437 00102udc4070aATENEOMbATENEOMcROTd2024-06-12l0oROT 6/3/12p101228510r2024-06-12 00:00:00w2024-06-12yDVD